| 000 | 00885nab a2200253 u 4500 | ||
|---|---|---|---|
| 001 | 15883 | ||
| 003 | HDC | ||
| 007 | cr bn ---aaaaa | ||
| 008 | 210219c2013 xx dr|noo 0 a eng d | ||
| 040 | _aHDC | ||
| 100 |
_aMokrenko, Anastasia _eauthor _915891 |
||
| 245 | 0 |
_aKyrgyzstan is interested in Malaysian investments / by _cAnastasia Mokrenko |
|
| 260 |
_a[No place] : _b[publisher not identified], _c2013 |
||
| 336 |
_atext _2rdacontent |
||
| 337 |
_acomputer _2rdamedia |
||
| 338 |
_aonline resource _2rdacarrier |
||
| 650 |
_abilateral cooperation _zKyrgyzstan _zMalaysia _915892 |
||
| 650 |
_aInvestments _91553 |
||
| 710 | _aNews Agency | ||
| 856 | _zRequest full-text at [email protected] | ||
| 942 | _2lcc | ||
| 942 | _cNEWS | ||
| 942 | _kNWSO 005613 | ||
| 999 |
_c13199 _d13199 |
||